| 000 | 00680nam a22002057a 4500 | ||
|---|---|---|---|
| 999 |
_c11672 _d11672 |
||
| 003 | AR-CdUCM | ||
| 008 | 190404b ||||| |||| 00| 0 spa d | ||
| 040 |
_aMUNICIPALIDAD PROVINCIAL DEL CUSCO _cBIBLIOTECA MUNICIPAL DEL CUSCO |
||
| 082 |
_a918.1 / _bJ54 / 1929 |
||
| 100 |
_aJiménez de agua, Luis _929153 |
||
| 245 | _aUn viaje al Brasil / | ||
| 260 |
_aMadrid : _bEditorial Reus, _c1929. |
||
| 300 |
_a167 paginas ; _c18 cm. |
||
| 505 | _aContenido :Victorio --Rio de Janeiro --El contorno de Rio --San Paulo y Santos --Costumbres brasileñas ... | ||
| 650 |
_aGeografia _9318 |
||
| 650 |
_aViajes _9856 |
||
| 650 |
_aBrasil _91261 |
||
| 942 |
_2ddc _cLIBROS |
||
| 945 | _arjall | ||